[Event "VIII Weekend A"]
[Site "Gorgonzola ITA"]
[Date "2003.11.15"]
[Round "1"]
[White "Barlocco, Carlo"]
[Black "Manzoni, Alessandro"]
[Result "1/2-1/2"]
[WhiteElo "2132"]
[BlackElo "2034"]
[PlyCount "182"]
[EventDate "2003.11.15"]

1. e4 d6 2. d4 Nf6 3. f3 g6 4. Be3 c6 5. Qd2 b5 6. Bd3 a5 7. Ne2 Na6 8. a4 b4
9. O-O Bg7 10. Ng3 O-O 11. Qc1 Qc7 12. Nd2 c5 13. d5 Nd7 14. Nc4 Ne5 15. Nxe5
Bxe5 16. f4 Bg7 17. Bc4 e6 18. f5 exf5 19. exf5 Qe7 20. Bh6 Bd4+ 21. Kh1 Re8
22. fxg6 hxg6 23. c3 Be5 24. Qd2 Qh4 25. Bf4 Nc7 26. Rae1 Bd7 27. Re4 Bxf4 28.
Rexf4 Qh6 29. Qd3 f5 30. Bb3 Re5 31. Ne2 Rae8 32. Ng1 Re1 33. Qg3 R1e3 34. R4f3
R3e5 35. R3f2 g5 36. Nh3 g4 37. Qf4 Qxf4 38. Nxf4 Kg7 39. cxb4 axb4 40. g3 Re3
41. Bc2 Rh8 42. Ng2 Rxg3 43. Bxf5 Rgh3 44. Nf4 Bxf5 45. Nxh3 Be4+ 46. Kg1 Nxd5
47. Ng5 Bd3 48. Rd1 c4 49. b3 Ne3 50. Ne6+ Kh6 51. Rxd3 cxd3 52. Nf4 Rc8 53.
Rd2 Rc1+ 54. Kf2 Nf5 55. Ra2 Rc2+ 56. Rxc2 dxc2 57. Nd3 Nd4 58. a5 Nc6 59. a6
Na7 60. Ke2 Kh5 61. Kd2 Kh4 62. Nf2 d5 63. Kxc2 Nc6 64. Kd3 g3 65. hxg3+ Kxg3
66. Ke2 Kf4 67. Nd3+ Ke4 68. Nxb4 Na7 69. Nc2 Nb5 70. Kd2 Ke5 71. Kd3 Kd6 72.
Nd4 Nc7 73. a7 Na8 74. Kc3 Kc5 75. Nc2 Kb6 76. Nb4 Kxa7 77. Nxd5 Kb7 78. Kb4
Kc6 79. Kc4 Kb7 80. Kb5 Ka7 81. Kc6 Ka6 82. Kc5 Kb7 83. Kb5 Ka7 84. b4 Kb7 85.
Kc5 Ka6 86. Kc6 Ka7 87. b5 Kb8 88. Kd7 Kb7 89. Kd6 Nb6 90. Nb4 Nc8+ 91. Kc5 Nd6
1/2-1/2

[Event "VIII Weekend A"]
[Site "Gorgonzola ITA"]
[Date "2003.11.15"]
[Round "1"]
[White "Bonade', Massimo"]
[Black "Bonazzi, Edoardo"]
[Result "1/2-1/2"]
[WhiteElo "2053"]
[BlackElo "2139"]
[PlyCount "126"]
[EventDate "2003.11.15"]

1. d4 Nf6 2. c4 c5 3. d5 b5 4. cxb5 a6 5. bxa6 Bxa6 6. Nc3 d6 7. e4 Bxf1 8.
Kxf1 g6 9. g3 Bg7 10. Kg2 O-O 11. Nge2 Nbd7 12. Qc2 Ra6 13. a4 Qa8 14. Nb5 Rc8
15. Nec3 Ne8 16. Bf4 Nc7 17. Rhe1 Nxb5 18. Nxb5 Nb6 19. Nc3 Bxc3 20. bxc3 Rxa4
21. Rxa4 Qxa4 22. Qxa4 Nxa4 23. Bd2 Nb2 24. Rb1 Nc4 25. Bf4 f6 26. h4 Ra8 27.
Bh6 Kf7 28. Rb3 Ne5 29. Bf4 h5 30. Bxe5 fxe5 31. Kf3 Ra2 32. Ke3 Kf6 33. Kf3
Rc2 34. Ke3 g5 35. hxg5+ Kxg5 36. Kf3 e6 37. dxe6 Kf6 38. Ke3 Kxe6 39. Kf3 c4
40. Ra3 Kd7 41. Ke3 Kc6 42. f4 exf4+ 43. gxf4 h4 44. Kd4 Rf2 45. f5 h3 46. Kxc4
h2 47. Ra6+ Kb7 48. Ra1 Rf4 49. Kd5 Rh4 50. Rh1 Kc7 51. e5 dxe5 52. Kxe5 Kd7
53. Kf6 Ke8 54. c4 Kf8 55. c5 Rh6+ 56. Ke5 Ke7 57. f6+ Rxf6 58. Rxh2 Rg6 59.
Rh7+ Kd8 60. Kd5 Kc8 61. Kc4 Rf6 62. Kb5 Rg6 63. c6 Rg1 1/2-1/2

[Event "VIII Weekend A"]
[Site "Gorgonzola ITA"]
[Date "2003.11.15"]
[Round "1"]
[White "Castrogiovanni, Carlo"]
[Black "Brunello, Sabino"]
[Result "1/2-1/2"]
[WhiteElo "2068"]
[BlackElo "2206"]
[PlyCount "110"]
[EventDate "2003.11.15"]

1. Nf3 d5 2. c4 e6 3. g3 Nf6 4. Bg2 Be7 5. b3 O-O 6. O-O b6 7. Bb2 Bb7 8. d4
Nbd7 9. Nc3 c5 10. cxd5 Nxd5 11. Nxd5 Bxd5 12. e3 cxd4 13. Bxd4 Qc7 14. Rc1 Qb7
15. Ne1 Bxg2 16. Nxg2 Rfd8 17. Qe2 Bf6 18. Rfd1 Bxd4 19. Rxd4 Ne5 20. Ne1 Rxd4
21. exd4 Ng6 22. Qf3 Qb8 23. Nd3 Qe8 24. Qb7 Rd8 25. Ne5 Nxe5 26. dxe5 h6 27.
Qxa7 Qb5 28. Qe7 Rd7 29. a4 Qd5 30. Qe8+ Kh7 31. Qc8 Ra7 32. Qc3 Ra5 33. Qc2+
Kg8 34. Rd1 Qa8 35. Qc7 Qf3 36. Rd8+ Kh7 37. Qc2+ g6 38. Qd1 Qf5 39. f4 Qe4 40.
Rd7 Kg8 41. Rd2 Rc5 42. Re2 Qf3 43. Re1 Qc3 44. Re2 Rd5 45. Qc2 Qf3 46. b4 Rd4
47. Re1 Rxb4 48. Qd2 Rxa4 49. Qd8+ Kg7 50. Qf6+ Kg8 51. Qd8+ Kh7 52. Qd7 Ra2
53. Qxf7+ Kh8 54. Qe8+ Kh7 55. Qd7+ Kh8 1/2-1/2

[Event "VIII Weekend A"]
[Site "Gorgonzola ITA"]
[Date "2003.11.15"]
[Round "1"]
[White "Damia, Angelo"]
[Black "Astengo, Corrado"]
[Result "1-0"]
[WhiteElo "2059"]
[BlackElo "2166"]
[PlyCount "107"]
[EventDate "2003.11.15"]

1. e4 c5 2. Nf3 d6 3. d4 cxd4 4. Nxd4 Nf6 5. Nc3 a6 6. Bg5 e6 7. f4 Be7 8. Qf3
Bd7 9. e5 Nc6 10. Nxc6 Bxc6 11. Qg3 dxe5 12. fxe5 Nh5 13. Bxe7 Qxe7 14. Qg4 g6
15. O-O-O Qc5 16. Qd4 Qxd4 17. Rxd4 Ng7 18. Rd2 Ke7 19. Bd3 Rad8 20. Rhd1 Rd4
21. g3 Rc8 22. Bf1 Rxd2 23. Rxd2 Nf5 24. Nd1 Bf3 25. Nf2 Rc5 26. Nd3 Ra5 27. b4
Rd5 28. c4 Rd8 29. Ne1 Bc6 30. Rxd8 Kxd8 31. Kd2 Be4 32. Bd3 Bxd3 33. Nxd3 Nd4
34. Nc5 Kc7 35. Ke3 Nc2+ 36. Kf4 h6 37. Nd3 Nd4 38. Ke4 Nc6 39. a3 b6 40. Nf2
Ne7 41. g4 g5 42. Nh1 Ng6 43. Ng3 Ne7 44. Nh5 Kc6 45. Nf6 a5 46. Ne8 axb4 47.
axb4 Ng6 48. Nf6 Ne7 49. Kd4 b5 50. Ne4 bxc4 51. Kxc4 Nd5 52. b5+ Kb6 53. h3
Ne3+ 54. Kd4 1-0

[Event "VIII Weekend A"]
[Site "Gorgonzola ITA"]
[Date "2003.11.15"]
[Round "1"]
[White "Di Majo, Carlo"]
[Black "Murgia, Andrea"]
[Result "0-1"]
[WhiteElo "1977"]
[BlackElo "2132"]
[PlyCount "168"]
[EventDate "2003.11.15"]

1. d4 f5 2. g3 Nf6 3. Bg2 g6 4. Nh3 Bg7 5. Nf4 Na6 6. h4 c6 7. c3 e5 8. dxe5
Ng4 9. Nd3 Nxe5 10. Nxe5 Bxe5 11. Bh6 d5 12. Nd2 Qf6 13. Nf3 Bd6 14. Qd4 Qxd4
15. cxd4 Be6 16. a3 O-O-O 17. Kd2 Rd7 18. b4 Nc7 19. Rhc1 Kb8 20. Rc3 Re8 21.
e3 Nb5 22. Rb3 Bc7 23. Ne1 Nd6 24. Nd3 Nc4+ 25. Ke2 b6 26. Bf4 Bxf4 27. gxf4
Rg7 28. Ne1 Bc8 29. a4 Bb7 30. Nd3 h6 31. Bf3 g5 32. hxg5 hxg5 33. fxg5 Rxg5
34. Rh1 Rg7 35. Rbb1 Rge7 36. Kd1 Kc7 37. Nf4 Rg8 38. b5 Rd8 39. Rh6 Rd6 40.
Rxd6 Kxd6 41. Ke2 cxb5 42. Rxb5 Bc6 43. Rb4 Rg7 44. Nh5 Rg1 45. Ng3 Bd7 46. Nf1
a5 47. Rb1 Bxa4 48. Nd2 Rxb1 49. Nxb1 Bc6 50. Kd3 b5 51. Kc3 b4+ 52. Kb3 Kc7
53. Be2 Bb5 54. Bf3 Nb6 55. Nd2 Kd6 56. Bh5 Ba4+ 57. Ka2 Bc2 58. Be2 a4 59. Bb5
Ke6 60. Kb2 Bd1 61. Kc1 Bh5 62. Kb2 Kd6 63. Ka2 Bf7 64. Nf3 Bh5 65. Nd2 Ke7 66.
Bc6 Be8 67. Bb7 Kd6 68. Ba6 Kc7 69. Bd3 Bd7 70. Kb2 Nc8 71. f3 Nd6 72. e4 fxe4
73. fxe4 dxe4 74. Bxe4 Bb5 75. Bd5 Nf5 76. Nf3 Be2 77. Be6 Bxf3 78. Bxf5 Kd6
79. Bc2 Bc6 80. Bd1 Bb5 81. Bf3 Bc4 82. Be4 a3+ 83. Ka1 b3 84. Bf3 Bd3 0-1

[Event "VIII Weekend A"]
[Site "Gorgonzola ITA"]
[Date "2003.11.15"]
[Round "1"]
[White "Facchetti, Gianni"]
[Black "Bisignano, Giuseppe"]
[Result "1-0"]
[WhiteElo "2159"]
[BlackElo "2055"]
[PlyCount "47"]
[EventDate "2003.11.15"]

1. e4 e5 2. Nf3 Nc6 3. d4 exd4 4. Bc4 Bc5 5. Ng5 Nh6 6. Qh5 O-O 7. O-O d6 8. h3
Ne5 9. Bb3 Qf6 10. Kh1 Kh8 11. f4 d3 12. Nc3 c6 13. Bd2 Qg6 14. Qh4 Nd7 15.
cxd3 b5 16. Nf3 f5 17. e5 dxe5 18. fxe5 f4 19. Bxf4 Rxf4 20. Qxf4 Nf5 21. Ne4
Ne3 22. Nh4 Qh6 23. Qf7 Nf6 24. Rxf6 1-0

[Event "VIII Weekend A"]
[Site "Gorgonzola ITA"]
[Date "2003.11.15"]
[Round "1"]
[White "Lapiccirella, Mattia"]
[Black "Astengo, Marcello"]
[Result "1-0"]
[WhiteElo "2180"]
[BlackElo "2066"]
[PlyCount "47"]
[EventDate "2003.11.15"]

1. d4 d5 2. c4 c6 3. Nf3 e6 4. e3 Nf6 5. Nc3 Nbd7 6. Qc2 Be7 7. g4 h6 8. cxd5
exd5 9. Bd2 b5 10. Bd3 Nb6 11. Ne5 Bb7 12. Rg1 Nc4 13. f4 a5 14. O-O-O a4 15.
g5 hxg5 16. Bxc4 dxc4 17. fxg5 Nd7 18. Nxf7 Kxf7 19. Qf5+ Nf6 20. gxf6 Bxf6 21.
Ne4 Bc8 22. Qg6+ Ke6 23. Bb4 Rh6 24. Nc5+ 1-0

[Event "VIII Weekend A"]
[Site "Gorgonzola ITA"]
[Date "2003.11.15"]
[Round "1"]
[White "Pace, Pietro Dario"]
[Black "Calzolari, Giampietro"]
[Result "1-0"]
[WhiteElo "2115"]
[BlackElo "1963"]
[PlyCount "51"]
[EventDate "2003.11.15"]

1. e4 e6 2. d4 d5 3. Nc3 Bb4 4. e5 c5 5. a3 Bxc3+ 6. bxc3 Ne7 7. Qg4 Qc7 8. Bd2
cxd4 9. cxd4 Nbc6 10. Bd3 h5 11. Qf4 Bd7 12. Ne2 f6 13. Bc3 O-O-O 14. O-O Rdf8
15. Qe3 h4 16. Rab1 f5 17. f4 Rfg8 18. Bd2 Rh5 19. Nc3 Na5 20. Nb5 Bxb5 21.
Bxa5 Qxa5 22. Rxb5 Qxa3 23. Rfb1 b6 24. R5b3 Qa5 25. Be2 Rh7 26. Ra3 1-0

[Event "VIII Weekend A"]
[Site "Gorgonzola ITA"]
[Date "2003.11.15"]
[Round "1"]
[White "Radice, Luca"]
[Black "Mrdja, Milan"]
[Result "0-1"]
[WhiteElo "2088"]
[BlackElo "2387"]
[PlyCount "98"]
[EventDate "2003.11.15"]

1. d4 c5 2. e3 e6 3. Nf3 Qc7 4. Bd3 d6 5. O-O Nf6 6. b3 Nbd7 7. Bb2 Be7 8. Nbd2
O-O 9. Qe2 a6 10. c4 b6 11. Rfd1 Bb7 12. Rac1 Rfe8 13. e4 cxd4 14. Nxd4 Bf8 15.
Nf1 Nc5 16. Ng3 Nxd3 17. Rxd3 Rac8 18. Nf3 Nd7 19. Nh5 e5 20. Nh4 Re6 21. Ng3
g6 22. Nf3 Nc5 23. Rd2 Bh6 24. Rdd1 Bxc1 25. Bxc1 f6 26. Bh6 Re7 27. h4 Qd7 28.
Nh2 Rf7 29. Ng4 Qe6 30. Bc1 Kh8 31. Nh6 Rff8 32. f3 Rcd8 33. Kf2 f5 34. Bg5
fxe4 35. f4 Nd3+ 36. Kg1 Nxf4 37. Qe3 Rd7 38. Nxe4 Bxe4 39. Qxe4 d5 40. cxd5
Rxd5 41. Re1 Qd6 42. Kh2 Ne6 43. Be3 Nc5 44. Qg4 a5 45. Re2 Kg7 46. Qh3 Rd3 47.
Qg4 e4+ 48. g3 Rxe3 49. Rxe3 Kxh6 0-1

[Event "VIII Weekend A"]
[Site "Gorgonzola ITA"]
[Date "2003.11.15"]
[Round "1"]
[White "Sbarra, Marco"]
[Black "Bemporad, Filippo"]
[Result "1-0"]
[WhiteElo "2235"]
[BlackElo "2076"]
[PlyCount "57"]
[EventDate "2003.11.15"]

1. e4 c5 2. Nf3 d6 3. Bb5+ Bd7 4. Bxd7+ Qxd7 5. c4 Nc6 6. d4 Qg4 7. O-O Nxd4 8.
Nxd4 Qxd1 9. Rxd1 cxd4 10. Rxd4 g6 11. Rd3 Bg7 12. Rb3 b6 13. a4 Nf6 14. f3 O-O
15. Be3 Nd7 16. Nd2 Nc5 17. Rb5 Ne6 18. Ra2 Rfc8 19. Kf1 Kf8 20. a5 bxa5 21.
Rbxa5 Nc5 22. b4 Nd3 23. b5 Bc3 24. Rxa7 Rab8 25. Rc2 Bxd2 26. Bxd2 Rxb5 27.
cxb5 Rxc2 28. b6 Kg7 29. b7 1-0

[Event "VIII Weekend A"]
[Site "Gorgonzola ITA"]
[Date "2003.11.15"]
[Round "1"]
[White "Vancini, Edoardo"]
[Black "Massironi, Marco"]
[Result "1-0"]
[WhiteElo "2284"]
[BlackElo "2082"]
[PlyCount "155"]
[EventDate "2003.11.15"]

1. d4 Nf6 2. Bg5 d5 3. Bxf6 exf6 4. e3 c6 5. Nd2 Bd6 6. g3 O-O 7. Bg2 Nd7 8.
Ne2 Re8 9. O-O f5 10. c4 Nf6 11. Nc3 dxc4 12. Nxc4 Bc7 13. Qc2 Ng4 14. h3 Nh6
15. d5 f4 16. exf4 cxd5 17. Rfd1 d4 18. Nb5 Bb6 19. Nxb6 Qxb6 20. Nxd4 Rd8 21.
Rac1 g6 22. Qc3 Nf5 23. Nb5 Be6 24. a4 a6 25. Qc7 Qxc7 26. Nxc7 Bb3 27. Re1
Rab8 28. Re4 a5 29. Rc3 Bd5 30. Re5 Bxg2 31. Kxg2 b6 32. Nd5 Rd6 33. g4 Nd4 34.
g5 Ne6 35. Kg3 Rbd8 36. Nf6+ Kg7 37. Rb3 Nc5 38. Rbe3 Ne6 39. h4 h5 40. f5 gxf5
41. Rxf5 Kg6 42. Rfe5 Rd4 43. R5e4 Nc5 44. Re5 Ne6 45. Rb5 Rxa4 46. Rxb6 Rdd4
47. f3 Rdb4 48. Rb3 Rxb3 49. Rxb3 Nd4 50. Rb6 Nf5+ 51. Kf2 Rxh4 52. Ne4+ Kg7
53. Kg2 Ne3+ 54. Kg3 Nf5+ 55. Kg2 Ne3+ 56. Kg1 Rh3 57. Rf6 Nd5 58. Kg2 Rh4 59.
Ra6 Ne3+ 60. Kg3 Nf5+ 61. Kg2 Ne3+ 62. Kg1 Rh3 63. Kf2 Nc4 64. Kg2 Rh4 65. b3
Ne3+ 66. Kg3 Nf5+ 67. Kg2 Ne3+ 68. Kg1 Rh3 69. Kf2 Nf5 70. Kg2 Rh4 71. Rxa5 Rf4
72. Re5 h4 73. b4 Ne3+ 74. Kh3 Rxf3+ 75. Kxh4 Nc4 76. Re8 Kg6 77. Kg4 Rb3 78.
Rg8+ 1-0

[Event "VIII Weekend A"]
[Site "Gorgonzola ITA"]
[Date "2003.11.15"]
[Round "1"]
[White "Zacco, Remo"]
[Black "Gromovs, Sergejs"]
[Result "0-1"]
[WhiteElo "2077"]
[BlackElo "2259"]
[PlyCount "82"]
[EventDate "2003.11.15"]

1. e4 e6 2. d4 c5 3. Nf3 cxd4 4. Nxd4 Nf6 5. Bd3 Nc6 6. Nxc6 dxc6 7. O-O e5 8.
Bg5 h6 9. Bh4 Be7 10. Bg3 Bd6 11. Nd2 Qe7 12. Nc4 Bc7 13. a4 Bd7 14. a5 O-O 15.
h3 Rad8 16. Qf3 Nh7 17. Qe3 Bb8 18. f4 exf4 19. Bxf4 Bxf4 20. Rxf4 Ng5 21. Re1
Ne6 22. Rf2 Qc5 23. Qg3 Qg5 24. Qh2 Nc5 25. e5 Nxd3 26. cxd3 Bf5 27. d4 Rxd4
28. Nd6 Be6 29. Ne4 Qh4 30. Nd6 Rd2 31. Ref1 Qd4 32. Qg3 Rxb2 33. Kh1 Rxf2 34.
Rxf2 b5 35. axb6 axb6 36. Rf6 Ra8 37. Rf1 b5 38. Qf3 Ra1 39. Nf5 Bxf5 40. Qxf5
Rxf1+ 41. Qxf1 Qxe5 0-1

[Event "VIII Weekend A"]
[Site "Gorgonzola ITA"]
[Date "2003.11.16"]
[Round "2"]
[White "Astengo, Corrado"]
[Black "Bonade', Massimo"]
[Result "1-0"]
[WhiteElo "2166"]
[BlackElo "2053"]
[PlyCount "41"]
[EventDate "2003.11.15"]

1. e4 c5 2. Nf3 d6 3. d4 cxd4 4. Nxd4 Nf6 5. Nc3 a6 6. Bg5 e6 7. f4 Be7 8. Qf3
Qc7 9. O-O-O Nbd7 10. g4 b5 11. Bxf6 Nxf6 12. g5 Nd7 13. f5 Bxg5+ 14. Kb1 O-O
15. fxe6 Ne5 16. Qg3 Bf6 17. Nd5 Qd8 18. Bh3 Ng6 19. Nc6 Qe8 20. Qxd6 Bb7 21.
e7 1-0

[Event "VIII Weekend A"]
[Site "Gorgonzola ITA"]
[Date "2003.11.16"]
[Round "2"]
[White "Astengo, Marcello"]
[Black "Massironi, Marco"]
[Result "1/2-1/2"]
[WhiteElo "2066"]
[BlackElo "2082"]
[PlyCount "123"]
[EventDate "2003.11.15"]

1. d4 Nf6 2. c4 g6 3. Nc3 d5 4. cxd5 Nxd5 5. e4 Nxc3 6. bxc3 Bg7 7. Be3 c5 8.
Bc4 O-O 9. Ne2 Nc6 10. Rc1 Qc7 11. O-O Rd8 12. Qa4 b6 13. Bf4 e5 14. Bg5 Rd7
15. Bb5 Rd6 16. dxc5 bxc5 17. Rfd1 Bb7 18. Rxd6 Qxd6 19. Rd1 Qc7 20. Rd5 a6 21.
Bc4 h6 22. Be3 Bf8 23. Qd1 Rd8 24. Ng3 Bd6 25. Be2 Kh7 26. h4 Ne7 27. Rd2 Nc6
28. Rb2 Be7 29. Qb1 Na5 30. h5 Qc6 31. hxg6+ fxg6 32. Rb6 Qc8 33. Qc1 Qc7 34.
Rb1 Bf8 35. f3 c4 36. Bb6 Bc5+ 37. Bxc5 Qxc5+ 38. Kh2 Qe7 39. Nf1 Bc6 40. Ne3
Bb5 41. Nd5 Qd6 42. a4 Bxa4 43. Rb6 Bc6 44. Rxa6 Qc5 45. Qa1 Ra8 46. Rxa8 Bxa8
47. Bxc4 Bc6 48. Ba2 h5 49. Qc1 Qf2 50. Qb1 h4 51. Nb4 Qg3+ 52. Kh1 h3 53. Qf1
Bb5 54. Qg1 Kg7 55. Nd5 hxg2+ 56. Qxg2 Qh4+ 57. Qh2 Qe1+ 58. Qg1 Qh4+ 59. Kg2
Qg5+ 60. Kh1 Qh4+ 61. Kg2 Qg5+ 62. Kh1 1/2-1/2

[Event "VIII Weekend A"]
[Site "Gorgonzola ITA"]
[Date "2003.11.16"]
[Round "2"]
[White "Barberi, Alessandro"]
[Black "Sbarra, Marco"]
[Result "1-0"]
[WhiteElo "2099"]
[BlackElo "2235"]
[PlyCount "47"]
[EventDate "2003.11.15"]

1. d4 d5 2. c4 e6 3. Nf3 c5 4. cxd5 exd5 5. g3 Nc6 6. Bg2 Nf6 7. O-O Be7 8. Nc3
O-O 9. b3 Bg4 10. dxc5 Bxc5 11. Bb2 a6 12. Rc1 d4 13. Na4 Ba7 14. Nc5 Qe7 15.
Nxb7 Rac8 16. Nxd4 Bxd4 17. Bxd4 Bxe2 18. Bc5 Qe6 19. Re1 Rfe8 20. Qd2 Nb8 21.
Rc2 Nbd7 22. b4 Nxc5 23. Nxc5 Qb6 24. Rxe2 1-0

[Event "VIII Weekend A"]
[Site "Gorgonzola ITA"]
[Date "2003.11.16"]
[Round "2"]
[White "Bemporad, Filippo"]
[Black "Di Majo, Carlo"]
[Result "1-0"]
[WhiteElo "2076"]
[BlackElo "1977"]
[PlyCount "87"]
[EventDate "2003.11.15"]

1. d4 Nf6 2. Nf3 d5 3. g3 c6 4. Bg2 Bf5 5. O-O h6 6. c4 e6 7. Nc3 Be7 8. b3 O-O
9. Bb2 Nbd7 10. e3 Ne4 11. Ne2 Bd6 12. Nf4 Qe7 13. Nd3 Rfd8 14. Qe2 a5 15. Rac1
a4 16. c5 Bc7 17. b4 a3 18. Ba1 Ra4 19. Nfe1 Rda8 20. f3 Nef6 21. e4 Bg6 22. e5
Ne8 23. Nc2 Bd8 24. Rb1 Nc7 25. Bc3 Nb5 26. Bd2 Nf8 27. f4 Nd7 28. g4 Qh4 29.
Rb3 h5 30. h3 hxg4 31. hxg4 Qh7 32. Rf3 Qh4 33. Rh3 Qe7 34. f5 exf5 35. gxf5
Bxf5 36. Rh2 Bg6 37. Nf4 Nxd4 38. Nxd4 Qxe5 39. Rbh3 f6 40. Nxg6 Qxd4+ 41. Kh1
Ne5 42. Bc3 Qc4 43. Nxe5 fxe5 44. Qxe5 1-0

[Event "VIII Weekend A"]
[Site "Gorgonzola ITA"]
[Date "2003.11.16"]
[Round "2"]
[White "Bisignano, Giuseppe"]
[Black "Radice, Luca"]
[Result "0-1"]
[WhiteElo "2055"]
[BlackElo "2088"]
[PlyCount "100"]
[EventDate "2003.11.15"]

1. e4 e6 2. d4 d5 3. Nc3 dxe4 4. Nxe4 Bd7 5. Nf3 Bc6 6. Bd3 Nd7 7. O-O Ngf6 8.
Bg5 Be7 9. Nxf6+ Bxf6 10. Be3 O-O 11. c3 Re8 12. Ne5 Nxe5 13. dxe5 Be7 14. Qc2
g6 15. Be4 Bxe4 16. Qxe4 Qd5 17. Qf4 Rad8 18. Rfe1 Rd7 19. h4 Red8 20. h5 b6
21. h6 Qb5 22. Rab1 Qd3 23. a4 Qf5 24. Qxf5 gxf5 25. f3 Bh4 26. Bf2 Bg5 27. g4
fxg4 28. Re4 Bxh6 29. Rxg4+ Kf8 30. Kg2 Rd2 31. Kg3 Bg7 32. Re4 R8d5 33. f4
R5d3+ 34. Be3 Rd1 35. Rxd1 Rxd1 36. Rc4 Rd7 37. b4 f6 38. Bd4 Kf7 39. Rc6 Re7
40. a5 fxe5 41. fxe5 Kg6 42. Kf4 h5 43. Bf2 Rf7+ 44. Ke3 Kf5 45. a6 Bxe5 46. b5
Rh7 47. Kf3 h4 48. Kg2 h3+ 49. Kh1 Rd7 50. Bd4 Bf4 0-1

[Event "VIII Weekend A"]
[Site "Gorgonzola ITA"]
[Date "2003.11.16"]
[Round "2"]
[White "Bonazzi, Edoardo"]
[Black "Castrogiovanni, Carlo"]
[Result "1/2-1/2"]
[WhiteElo "2139"]
[BlackElo "2068"]
[PlyCount "30"]
[EventDate "2003.11.15"]

1. c4 Nf6 2. Nf3 c6 3. g3 d5 4. b3 e6 5. Bg2 Bd6 6. Bb2 Nbd7 7. d4 O-O 8. O-O
Re8 9. Nbd2 Re7 10. Ne5 Bxe5 11. dxe5 Ng4 12. e4 Ngxe5 13. exd5 exd5 14. cxd5
cxd5 15. Ba3 Re8 1/2-1/2

[Event "VIII Weekend A"]
[Site "Gorgonzola ITA"]
[Date "2003.11.16"]
[Round "2"]
[White "Brunello, Sabino"]
[Black "Barlocco, Carlo"]
[Result "1-0"]
[WhiteElo "2206"]
[BlackElo "2132"]
[PlyCount "173"]
[EventDate "2003.11.15"]

1. e4 c5 2. d4 cxd4 3. c3 d5 4. exd5 Qxd5 5. cxd4 Nc6 6. Nf3 e6 7. Nc3 Qd6 8.
Bc4 Nf6 9. O-O Be7 10. Nb5 Qd8 11. Bf4 O-O 12. Bc7 Qd7 13. Ne5 Nxe5 14. dxe5
Ne8 15. Ba5 b6 16. Bc3 Qc6 17. Be2 Bb7 18. Bf3 Qxb5 19. Bxb7 Rd8 20. Qf3 Nc7
21. Be4 Nd5 22. Bd3 Qa4 23. b3 Qf4 24. Qh3 Qh4 25. Qxh4 Bxh4 26. Bb2 Ne3 27.
fxe3 Rxd3 28. Bd4 Bg5 29. Kf2 Rd2+ 30. Kf3 Rc8 31. Rfc1 Rxc1 32. Rxc1 Rxd4 33.
h4 Rd2 34. hxg5 h6 35. Rc8+ Kh7 36. gxh6 Rxa2 37. Rc7 Kxh6 38. Rxf7 Kg6 39. Re7
Kf5 40. Rxg7 Kxe5 41. Rf7 Ra1 42. Kf2 Ra2+ 43. Kf3 Ra1 44. Kf2 Kd6 45. g4 a5
46. g5 a4 47. g6 Ra2+ 48. Kf3 Ra1 49. bxa4 Rg1 50. g7 Ke5 51. Rb7 Rg6 52. Rxb6
Rxg7 53. Rb5+ Kd6 54. a5 Rg1 55. Rb6+ Ke5 56. Rb5+ Kd6 57. Ke4 Rg4+ 58. Kd3 Ra4
59. Kc3 Kc6 60. Rb6+ Kc7 61. Rb5 Kc6 62. Re5 Kd6 63. Rh5 Ra3+ 64. Kb4 Rxe3 65.
a6 Re4+ 66. Ka5 Kc7 67. Rb5 Re1 68. Rb7+ Kc8 69. Kb6 Rb1+ 70. Ka7 Re1 71. Re7
Kd8 72. Rh7 Rb1 73. Rb7 Ra1 74. Kb6 Kc8 75. Rc7+ Kd8 76. a7 Rb1+ 77. Kc6 Rc1+
78. Kd6 Rd1+ 79. Kxe6 Kxc7 80. a8=Q Rd6+ 81. Ke5 Rb6 82. Kd5 Rb7 83. Qa5+ Kd7
84. Qa4+ Kc7 85. Kc5 Rb8 86. Qc6+ Kd8 87. Kd6 1-0

[Event "VIII Weekend A"]
[Site "Gorgonzola ITA"]
[Date "2003.11.16"]
[Round "2"]
[White "Calzolari, Giampietro"]
[Black "Zacco, Remo"]
[Result "0-1"]
[WhiteElo "1963"]
[BlackElo "2077"]
[PlyCount "94"]
[EventDate "2003.11.15"]

1. d4 d6 2. e4 g6 3. Nc3 Bg7 4. Nf3 Nd7 5. Be2 a6 6. a4 b6 7. O-O e6 8. Bg5 Ne7
9. Qd2 h6 10. Be3 Bb7 11. h3 g5 12. Nh2 e5 13. d5 Nf6 14. Ng4 Ng6 15. Nxf6+
Qxf6 16. g3 Bc8 17. Kh2 O-O 18. Rg1 Kh7 19. Bg4 Qe7 20. Bf5 Kh8 21. Qe2 Qf6 22.
Qg4 Ne7 23. Bxc8 Raxc8 24. f4 exf4 25. gxf4 gxf4 26. Qxf4 Qxf4+ 27. Bxf4 Ng6
28. Bd2 Be5+ 29. Kh1 Kh7 30. Raf1 Rce8 31. Rg4 Re7 32. h4 Bg7 33. Rfg1 Bd4 34.
R1g2 Nh8 35. Rf4 Be5 36. Rf5 f6 37. Rh5 Nf7 38. Rf5 Rg8 39. Rxg8 Kxg8 40. Kg2
Kh7 41. Kf3 Kg6 42. b3 Nd8 43. Ne2 Rh7 44. Bf4 Nf7 45. Ng3 h5 46. Nf1 Bc3 47.
Ne3 Ne5+ 0-1

[Event "VIII Weekend A"]
[Site "Gorgonzola ITA"]
[Date "2003.11.16"]
[Round "2"]
[White "Damia, Angelo"]
[Black "Lapiccirella, Mattia"]
[Result "0-1"]
[WhiteElo "2059"]
[BlackElo "2180"]
[PlyCount "84"]
[EventDate "2003.11.15"]

1. e4 c5 2. Nf3 Nc6 3. d4 cxd4 4. Nxd4 Nf6 5. Nc3 d6 6. Bg5 e6 7. Qd2 a6 8.
O-O-O Nxd4 9. Qxd4 Be7 10. Bxf6 gxf6 11. f4 b5 12. e5 d5 13. f5 O-O 14. fxe6
fxe6 15. Bd3 fxe5 16. Qxe5 Ra7 17. h4 Bf6 18. Qe2 Qc7 19. g4 Bxc3 20. bxc3 Qxc3
21. Rh3 Qa3+ 22. Kb1 Qb4+ 23. Ka1 Qc3+ 24. Kb1 Qb4+ 25. Ka1 Qf4 26. Qe3 Raf7
27. g5 e5 28. Qxf4 Rxf4 29. Re3 e4 30. Be2 Rd8 31. h5 d4 32. g6 hxg6 33. hxg6
Bf5 34. Rg3 Kg7 35. Rh1 d3 36. Rh7+ Kg8 37. cxd3 exd3 38. Bxd3 Rxd3 39. Rxd3
Bxd3 40. Kb2 Bxg6 41. Ra7 Ra4 42. a3 Bf7 0-1

[Event "VIII Weekend A"]
[Site "Gorgonzola ITA"]
[Date "2003.11.16"]
[Round "2"]
[White "Gromovs, Sergejs"]
[Black "Pace, Pietro Dario"]
[Result "1-0"]
[WhiteElo "2259"]
[BlackElo "2115"]
[PlyCount "81"]
[EventDate "2003.11.15"]

1. d4 d5 2. Nf3 Nf6 3. c4 c6 4. Nc3 e6 5. Bg5 Nbd7 6. e3 Be7 7. Qc2 O-O 8. a3
b6 9. cxd5 exd5 10. Bd3 g6 11. h4 c5 12. h5 c4 13. Be2 Bb7 14. hxg6 fxg6 15.
O-O-O Ng4 16. Rxh7 Kxh7 17. Rh1+ Kg7 18. Nh4 Qe8 19. Bxe7 Rxf2 20. Nxg6 Ndf6
21. Bf8+ Kf7 22. Ne5+ Nxe5 23. dxe5 Kxf8 24. exf6 Qxe3+ 25. Kb1 Rxf6 26. Rh8+
Ke7 27. Rh7+ Rf7 28. Rxf7+ Kxf7 29. Qh7+ Kf6 30. Qxb7 Qg1+ 31. Ka2 Rh8 32.
Nxd5+ Kg6 33. Qc6+ Kh7 34. Ne7 Rg8 35. Nxg8 Kxg8 36. Bxc4+ Kg7 37. Qd7+ Kh6 38.
Qxa7 Qxg2 39. Qxb6+ Kg5 40. Qd8+ Kf4 41. Qd4+ 1-0

[Event "VIII Weekend A"]
[Site "Gorgonzola ITA"]
[Date "2003.11.16"]
[Round "2"]
[White "Mrdja, Milan"]
[Black "Facchetti, Gianni"]
[Result "1-0"]
[WhiteElo "2387"]
[BlackElo "2159"]
[PlyCount "95"]
[EventDate "2003.11.15"]

1. e4 e5 2. Bc4 Nf6 3. d3 Nc6 4. Nf3 Be7 5. O-O O-O 6. Re1 d6 7. a3 Bg4 8. c3
Qd7 9. Nbd2 Rad8 10. h3 Be6 11. Bb5 a6 12. Ba4 b5 13. Bc2 Qc8 14. d4 Bd7 15.
Nf1 h6 16. Ng3 Nh7 17. a4 Rfe8 18. axb5 axb5 19. Bb3 Nf8 20. Bd5 exd4 21. cxd4
Nb8 22. Ra7 c6 23. Bb3 c5 24. Bd5 Nc6 25. Ra3 Nb4 26. dxc5 dxc5 27. Bd2 Nxd5
28. exd5 Bf6 29. b4 Rxe1+ 30. Qxe1 Re8 31. Ne4 Be7 32. Re3 c4 33. Nd4 Ng6 34.
Bc3 Bf8 35. Qe2 Rd8 36. Qf3 Qa8 37. Ng3 Be8 38. Ngf5 Qc8 39. h4 Bd7 40. h5 Nh8
41. Ne7+ Bxe7 42. Rxe7 Re8 43. d6 Rxe7 44. dxe7 Qe8 45. Qe4 f6 46. Ne2 Qxh5 47.
Nf4 Qe8 48. Nd5 1-0

[Event "VIII Weekend A"]
[Site "Gorgonzola ITA"]
[Date "2003.11.16"]
[Round "2"]
[White "Murgia, Andrea"]
[Black "Vancini, Edoardo"]
[Result "1-0"]
[WhiteElo "2132"]
[BlackElo "2284"]
[PlyCount "153"]
[EventDate "2003.11.15"]

1. e4 c5 2. c3 Qa5 3. d4 cxd4 4. b4 Qe5 5. Bd3 dxc3 6. Nf3 Qc7 7. Qb3 e6 8.
Nxc3 Nc6 9. O-O Nf6 10. Re1 Bxb4 11. Nb5 Qb8 12. Ba3 a6 13. Bxb4 Nxb4 14. Qxb4
axb5 15. e5 Nd5 16. Qg4 g6 17. Qg5 h6 18. Qg3 Ra4 19. Bxb5 Rb4 20. a4 O-O 21.
Nd2 Kh7 22. Nc4 f5 23. Qa3 Rg8 24. Rad1 b6 25. Rxd5 exd5 26. Qxb4 dxc4 27. Bxc4
Rg7 28. a5 Qc7 29. axb6 Qc6 30. Be2 d5 31. exd6 Rb7 32. Bf3 Qxb6 33. Qxb6 Rxb6
34. g3 Rxd6 35. Re7+ Kg8 36. Re8+ Kf7 37. Rxc8 h5 38. Rc7+ Kg8 39. h4 Rd4 40.
Kg2 f4 41. g4 hxg4 42. Bxg4 Kh8 43. Rd7 Rb4 44. Kf3 Rb2 45. Rf7 Kg8 46. Rxf4
Kg7 47. Be6 Kh6 48. Kg4 Rb1 49. Kf3 Rb2 50. Bg8 Rb8 51. Bf7 Kg7 52. Bd5 Kh6 53.
Rf7 Rb4 54. Kg3 Rd4 55. Be6 Rd6 56. Re7 Rd3+ 57. f3 Re3 58. Kf4 Re1 59. Re8 Rh1
60. Bg4 Ra1 61. Re6 Ra4+ 62. Kg3 Kg7 63. Re5 Kf6 64. Rc5 Rb4 65. h5 gxh5 66.
Rxh5 Ra4 67. Rh6+ Kg7 68. Rb6 Rc4 69. f4 Ra4 70. Bf5 Ra1 71. Kh4 Ra5 72. Kg5
Rc5 73. Rb7+ Kh8 74. Kf6 Rc6+ 75. Be6 Ra6 76. Rb8+ Kh7 77. Rb1 1-0